[Event "Sao Bernardo do Campo LXSBC op 08th"]
[Site "Sao Bernardo do Campo"]
[Date "2011.07.01"]
[Round "2"]
[White "Del Prado, Jose Antonio VN"]
[Black "Terao, Rodrigo Akira"]
[Result "1/2-1/2"]
[WhiteElo "1956"]
[BlackElo "2352"]
[PlyCount "161"]
[EventDate "2011.07.01"]
[EventType "swiss"]
[EventRounds "6"]
[EventCountry "BRA"]
[SourceTitle "EXT 2012"]
[Source "ChessBase"]
[SourceDate "2011.11.24"]
[SourceVersion "1"]
[SourceVersionDate "2011.11.24"]
[SourceQuality "1"]

1. e4 c5 2. Nf3 e6 3. d4 cxd4 4. Nxd4 a6 5. Nc3 Qc7 6. Be2 Nf6 7. a3 Nc6 8. Be3 Be7 9. f4 d6 10. Bf3 0-0 11. 0-0 Re8 12. Kh1 Bd7 13. Nb3 e5 14. f5 Na5 15. Nxa5 Qxa5 16. Qd2 Rac8 17. g4 Rxc3 18. Qxc3 Qxc3 19. bxc3 Bc6 20. Bg5 Nxe4 21. Bxe7 Rxe7 22. Rad1 Rd7 23. c4 Kf8 24. Kg1 Rc7 25. Bxe4 Bxe4 26. Rxd6 Rxc4 27. f6 gxf6 28. Rdxf6 Bd5 29. h3 Rxc2 30. R1f5 Re2 31. Rd6 Bc4 32. Rb6 Re3 33. Rh5 Bd3 34. Kg2 Re2+ 35. Kf3 e4+ 36. Kg3 Re3+ 37. Kf2 Rf3+ 38. Kg2 Bf1+ 39. Kg1 e3 40. Rf5 e2 41. Rb1 Rxh3 42. Kf2 b5 43. a4 Rd3 44. Ke1 bxa4 45. Ra5 a3 46. Ra1 Rd4 47. g5 Kg7 48. R5xa3 Kg6 49. Ra5 Rg4 50. Rb1 Rxg5 51. Rxa6+ f6 52. Rbb6 Rf5 53. Ra8 Rd5 54. Rb1 h5 55. Rg8+ Kf5 56. Ra1 Rd4 57. Ra5+ Kf4 58. Re8 h4 59. Kf2 h3 60. Re6 f5 61. Rf6 e1Q+ 62. Kxe1 Bd3 63. Rh6 Kg3 64. Ra7 f4 65. Rg7+ Kh2 66. Rf6 Re4+ 67. Kf2 Re2+ 68. Kf3 Rg2 69. Rd7 Rg3+ 70. Kf2 Rg2+ 71. Kf3 Rg3+ 72. Kf2 Bb5 73. Rh7 Bd3 74. Rh4 Rg2+ 75. Kf3 Rg3+ 76. Kf2 Rg2+ 77. Kf3 Be2+ 78. Kxf4 Rf2+ 79. Ke5 Rxf6 80. Kxf6 Kg2 81. Rxh3 1/2-1/2